Score 0/44 Timer 04:00
1 Play Today
% Correct
NTO
89.2%
UMP
89%
AML
88.9%
ONA
88.3%
WAS
88.1%
OMA
88.1%
FKE
87.9%
ART
87.9%
IXO
87.7%
GHT
87.4%
ODO
87%
OBA
86.8%
ARF
86.6%
LDF
86.6%
WIL
86%
NKL
85.2%
COO
85.2%
SSG
85%
ERC
84.9%
ARR
84.1%
DRO
84.1%
OVE
84%
% Correct
UCH
83.9%
JOH
83.9%
QUI
83.8%
VAN
83.6%
KIN
83.2%
ADI
82.8%
STR
82.2%
NRO
80.8%
BJO
80.3%
EWB
80%
DAM
79.9%
SKP
79.7%
DBH
79.5%
NGH
79.4%
ACK
79.3%
OWA
79%
HWB
79%
FIL
78.8%
YLO
76.4%
THU
75.5%
YLE
73.4%
ENR
72.4%
Come Together.
Have Fun.
All Virtual.
We all need to come together. Play Sporcle's virtual live trivia to have fun, connect with people, and get your trivia on. Join a live hosted trivia game for your favorite pub trivia experience done virtually. If a virtual private party is more your thing, go here for details.

You're not logged in!

Compare scores with friends on all Sporcle quizzes.
OR
Log In

Sporcle TV

Today on Sporcle TV


Watch our educational content, quiz creation guides, and fun videos on Sporcle TV.

Show Comments

Extras

Top Quizzes Today


Score Distribution

Paid Content

Your Account Isn't Verified!

In order to create a playlist on Sporcle, you need to verify the email address you used during registration. Go to your Sporcle Settings to finish the process.

Report this User

Report this user for behavior that violates our Community Guidelines.

Details: